| 000 | 00377nam a2200133Ia 4500 | ||
|---|---|---|---|
| 005 | 20260328101519.0 | ||
| 008 | 260328s9999||||xx |||||||||||||| ||und|| | ||
| 100 | _aBaltanás, José | ||
| 245 | 0 |
_aUn passeig arquitectónic - Le Corbusier : _b Promenade Architecturale / _cJosé Baltanás |
|
| 260 | _bCaixa de Sabadell | ||
| 300 | _a184 p. | ||
| 650 | _aARQUITECTOS | ||
| 942 | _cBK | ||
| 999 |
_c9528 _d9528 |
||